| 000 | 00788nam a2200181Ia 4500 | ||
|---|---|---|---|
| 008 | 090630s9999 xx 000 0 und d | ||
| 082 | _b22276 | ||
| 100 | _aकंगले र. प. | ||
| 245 |
_aउद्रभट आणि त्याचा काव्यालंकार सारसंग्रह. _cकंगले र. प. |
||
| 260 |
_bमहाराष्ट्र. _c1997 |
||
| 300 | _a103 | ||
| 600 | _aकंगले र. प. | ||
| 630 | _aउद्रभट आणि त्याचा काव्यालंकार सारसंग्रह. | ||
| 655 | _aइतर. | ||
| 700 | _aकंगले र. प. | ||
| 730 | _aउद्रभट आणि त्याचा काव्यालंकार सारसंग्रह. | ||
| 942 | _cBOOK | ||
| 999 |
_c274132 _d274132 |
||